书目信息 |
| 题名: |
100种思维
|
|
| 作者: | 帕斯卡 著 ;李东旭 编译 | |
| 分册: | ||
| 出版信息: | 北京 中国水利水电出版社 2020.12 |
|
| 页数: | 220页 | |
| 开本: | 21cm | |
| 丛书名: | ||
| 单 册: | ||
| 中图分类: | B565.23 | |
| 科图分类: | ||
| 主题词: | ||
| 电子资源: | ||
| ISBN: | 978-7-5170-9336-7 | |
| 000 | 01038nam0 2200265 450 | |
| 001 | 012001003042 | |
| 005 | 20141204120431.0 | |
| 010 | @a978-7-5170-9336-7@dCNY45.00 | |
| 100 | @a20220905d2020 em y0chiy50 ea | |
| 101 | 1 | @achi@cfre |
| 102 | @aCN@b110000 | |
| 105 | @ay z 000yy | |
| 106 | @ar | |
| 200 | 1 | @a100种思维@A100 zhong si wei@e力量的来源@f(法)布莱士·帕斯卡著@g李东旭编译 |
| 210 | @a北京@c中国水利水电出版社@d2020.12 | |
| 215 | @a220页@d21cm | |
| 300 | @a文通 | |
| 330 | @a全书从思维方式切入,扣问人心和人性,阐述人的本质,窥见社会与宇宙的真相,证实了人的思维的无穷力量和不可替代性,并强调了人独立思考的重要性。思维方式决定了人们面对世界和处理世事的方式,好的思维方式能够让人们更好地面对未来,让生活更精彩。 | |
| 510 | 1 | @aSource of strength@zeng |
| 600 | 0 | @a帕斯卡@c(Pascal, Blaise@f1623-1662)@x哲学思想 |
| 690 | @aB565.23@v5 | |
| 701 | 0 | @c(法)@a帕斯卡@Apa si ka@c(Pascal, Blaise@f1623-1662)@4著 |
| 702 | 0 | @a李东旭@Ali dong xu@4编译 |
| 801 | 0 | @aCN@bAHXH@c20221111 |
| 905 | @b1373939-43@dB565.23@e97@f5 | |
| 100种思维:力量的来源/(法)布莱士·帕斯卡著/李东旭编译.-北京:中国水利水电出版社,2020.12 |
| 220页;21cm |
| 文通 |
| ISBN 978-7-5170-9336-7:CNY45.00 |
| 全书从思维方式切入,扣问人心和人性,阐述人的本质,窥见社会与宇宙的真相,证实了人的思维的无穷力量和不可替代性,并强调了人独立思考的重要性。思维方式决定了人们面对世界和处理世事的方式,好的思维方式能够让人们更好地面对未来,让生活更精彩。 |
| ● |
| 相关链接 |
|
|
|
|
正题名:100种思维
索取号:B565.23/97
 
预约/预借
| 序号 | 登录号 | 条形码 | 馆藏地/架位号 | 状态 | 备注 |
| 1 | 1373939 | 213739392 | 第一样本阅览室/ [索取号:B565.23/97] | 在馆 | |
| 2 | 1373940 | 213739409 | 教育系资料室/ [索取号:B565.23/97] | 在馆 | |
| 3 | 1373941 | 213739418 | 教育系资料室/ [索取号:B565.23/97] | 在馆 | |
| 4 | 1373942 | 213739427 | 第一借阅区/ [索取号:B565.23/97] | 在馆 | |
| 5 | 1373943 | 213739436 | 第一借阅区/ [索取号:B565.23/97] | 在馆 |